Haribhadra ke Prākr̥ta kathāsāhitya kā ālocanātmaka pariśīlana. (Record no. 81031)
[ view plain ]
| 000 -LEADER | |
|---|---|
| fixed length control field | 01004cam a22002771 4500 |
| 001 - CONTROL NUMBER | |
| control field | sa 68005967 |
| 003 - CONTROL NUMBER IDENTIFIER | |
| control field | DLC |
| 005 - DATE AND TIME OF LATEST TRANSACTION | |
| control field | 20260227112512.0 |
| 008 - FIXED-LENGTH DATA ELEMENTS--GENERAL INFORMATION | |
| fixed length control field | 890626s1965 ii b 000 0 hino |
| 010 ## - LIBRARY OF CONGRESS CONTROL NUMBER | |
| LC control number | sa 68005967 |
| 035 ## - SYSTEM CONTROL NUMBER | |
| System control number | (OCoLC)19929310 |
| 040 ## - CATALOGING SOURCE | |
| Original cataloging agency | DLC |
| Transcribing agency | WaU |
| Modifying agency | DLC |
| 042 ## - AUTHENTICATION CODE | |
| Authentication code | premarc |
| 050 00 - LIBRARY OF CONGRESS CALL NUMBER | |
| Classification number | PK5013.H35 |
| Item number | Z8 |
| 100 1# - MAIN ENTRY--PERSONAL NAME | |
| Personal name | Śāstrī, Nemīcandra, |
| Dates associated with a name | 1922-1974. |
| 245 10 - TITLE STATEMENT | |
| Title | Haribhadra ke Prākr̥ta kathāsāhitya kā ālocanātmaka pariśīlana. |
| 260 ## - PUBLICATION, DISTRIBUTION, ETC. | |
| Date of publication, distribution, etc. | 1965. |
| 300 ## - PHYSICAL DESCRIPTION | |
| Extent | 2, 2, 14, 419, 8 p. |
| Dimensions | 25 cm. |
| 490 1# - SERIES STATEMENT | |
| Series statement | Muzaffarpur, India. Research Institute of Prakrit, Jainology & Ahimsa. Prakrit Jain Institute research publications series, |
| Volume/sequential designation | v. 2 |
| 500 ## - GENERAL NOTE | |
| General note | Added t. p. in English. |
| 500 ## - GENERAL NOTE | |
| General note | In Hindi; editor's note in English. |
| 502 ## - DISSERTATION NOTE | |
| Dissertation note | "Ph. D. thesis ... approved by the University of Bihar." |
| 504 ## - BIBLIOGRAPHY, ETC. NOTE | |
| Bibliography, etc. note | Bibliography: p. 404-412. |
| 600 00 - SUBJECT ADDED ENTRY--PERSONAL NAME | |
| Personal name | Haribhadrasūri, |
| Dates associated with a name | 700-770. |
| 830 #0 - SERIES ADDED ENTRY--UNIFORM TITLE | |
| Uniform title | Prākr̥ta Jaina Śodha-Saṃsthāna granthamālā ; |
| Volume/sequential designation | v. 2 |
No items available.